| 000 | 00608 a2200169 4500 | ||
|---|---|---|---|
| 020 | _a0763711225 | ||
| 040 | _aDLC | ||
| 082 | 0 | 0 | _a004.6 |
| 100 | 1 | _aCassel, Lillian N. | |
| 245 | 1 | 0 |
_aComputer Networks and open systems : an application development perspective _ban application development perspective _cLillian (Boots) Cassel, Richard H. Austing. |
| 260 |
_aBoston, Mass. : _bJones and Bartlett Publishers, _c2000. |
||
| 300 |
_axxvi, 458 p. : _bill. ; _c26 cm. |
||
| 650 | 0 | _aComputer networks. | |
| 650 | 0 | _aOSI (Computer network standard) | |
| 700 | 1 | _aAusting, Richard H. | |
| 942 |
_cBK _k004.6 CAS _2ddc |
||
| 999 |
_c5376 _d5376 |
||